Mariano Marcos State University

University Library System

Clinical primer of psychopharmacology : a practical guide / (Record no. 29138)

MARC details
000 -LEADER
fixed length control field 00714nam a22002057a 4500
005 - DATE AND TIME OF LATEST TRANSACTION
control field 20260511114846.0
008 - FIXED-LENGTH DATA ELEMENTS--GENERAL INFORMATION
fixed length control field 260511b |||||||| |||| 00| 0 eng d
020 ## - INTERNATIONAL STANDARD BOOK NUMBER
International Standard Book Number 0071053883 Pbk. Bp.
040 ## - CATALOGING SOURCE
Original cataloging agency MMSU
Transcribing agency ULS
Modifying agency ULS
050 ## - LIBRARY OF CONGRESS CALL NUMBER
Classification number RM 315 P57 1992 CHS
100 ## - MAIN ENTRY--PERSONAL NAME
Personal name Pirodsky, Donald M.
245 ## - TITLE STATEMENT
Title Clinical primer of psychopharmacology : a practical guide /
Statement of responsibility, etc. Donald M. Pirodsky, Jerry S. Cohn.
250 ## - EDITION STATEMENT
Edition statement Second edition.
260 ## - PUBLICATION, DISTRIBUTION, ETC.
Place of publication, distribution, etc. New York :
Name of publisher, distributor, etc. McGraw-Hill, Inc.,
Date of publication, distribution, etc. 1992.
300 ## - PHYSICAL DESCRIPTION
Extent xiii, 129 pages :
Other physical details illustrations ;
Dimensions 20 cm.
500 ## - GENERAL NOTE
General note Includes index.
650 ## - SUBJECT ADDED ENTRY--TOPICAL TERM
Topical term or geographic name entry element Psychotropic drugs-- Handbooks, manuals, etc.
650 ## - SUBJECT ADDED ENTRY--TOPICAL TERM
Topical term or geographic name entry element Psychopharmacology--Handbooks, manuals, etc.
942 ## - ADDED ENTRY ELEMENTS (KOHA)
Source of classification or shelving scheme
Koha item type Books
Holdings
Withdrawn status Lost status Source of classification or shelving scheme Damaged status Not for loan Home library Current library Shelving location Date acquired Source of acquisition Inventory number Total Checkouts Full call number Barcode Date last seen Price effective from Koha item type
          MMSU College of Health Sciences MMSU College of Health Sciences Circulation 05/11/2026 Purchased 93-0553   RM 315 P57 1992 CHS 20673 05/11/2026 05/11/2026 Books

© 2023 Mariano Marcos State University. All Rights Reserved.

Powered by Koha